Normal view
MARC view
- SAYINGS OF THE HOLY PROPHET MUHAMMAD(PEACE BE UPON HIM)
Entry Topical Term
001 - CONTROL NUMBER
- control field: 59242
003 - CONTROL NUMBER IDENTIFIER
- control field: NUST
005 - DATE AND TIME OF LATEST TRANSACTION
- control field: 20210628202312.0
008 - FIXED-LENGTH DATA ELEMENTS
- fixed length control field: 210628|| aca||aabn | a|a d
040 ## - CATALOGING SOURCE
- Original cataloging agency: NUST
- Transcribing agency: NUST
150 ## - HEADING--TOPICAL TERM
- Topical term or geographic name entry element: SAYINGS OF THE HOLY PROPHET MUHAMMAD(PEACE BE UPON HIM)
670 ## - SOURCE DATA FOUND
- Source citation: Work cat.: (NUST): Syed Maqbool Hussain 13511, Sayings of the holy prophet muhammad(peace be upon him), 2001
